Novelas/Superséries das 11 horas exibidas pela Rede Globo - Statistics

Estatísticas Gerais
  • Esse quiz foi jogado 47 vezes
  • A pontuação média é 5 de 8
Estatísticas das Respostas
Ano Novela % Correto
2015 Verdades Secretas
95%
2011 O Astro
82%
2013 Saramandaia
74%
2014 O Rebu
71%
2012 Gabriela
66%
2016 Liberdade, Liberdade
58%
2018 Onde Nascem os Fortes
53%
2017 Os Dias Eram Assim
42%
Nenhum quiz correspondente encontrado
Distribuição das Pontuações
Porcentagem de Pessoas com Cada Pontuação
Percentil de Números Respondidos
Sua Pontuação Histórica
Você não jogou esse quiz